| 000 | 01209nam0a2200301 4500 | ||
|---|---|---|---|
| 001 | RU\NLR\bibl\990670 | ||
| 005 | 20260405113404.0 | ||
| 010 |
_a5-8189-0543-8 _97500 |
||
| 021 |
_aRU _b2006-52634 _92594 |
||
| 035 | _a(NLR Aleph) 000978476 | ||
| 090 |
_a443873 _c443873 |
||
| 100 | _a20061003d2006 |||y0rusy50 ca | ||
| 101 | 1 |
_arus _ceng |
|
| 102 | _aRU | ||
| 105 | _ay ||||||||| | ||
| 200 | 1 |
_aСердце женщины _e[роман] _fЛакшми _g[пер. с тамил. А. Ибрагимова _gпер. с англ.:В. Махотина, Э. Боровика] |
|
| 210 |
_aМосква _cGELEOS _d2006 |
||
| 215 |
_a346,[1] с. _d21 |
||
| 225 | 1 | _aЦветок лотоса | |
| 423 | 0 |
_12001#$aГаури$e[роман]$fМулк Радж Ананд _1700#1$3RU\NLR\AUTH\7744105$aАнанд$bМ. Р.$f1905-2004$gМулк Радж$4070 _1210##$aМосква$d2006 _1215##$aС. 151-347 _tГаури _aАнанд, Мулк Радж (1905-2004) |
|
| 686 | _aШ6(5Ид)42.7-440.4{Лх2116} | ||
| 700 | 0 |
_4070 _8rus _7ca _aЛакшми _3RU\NLR\AUTH\7744102 _927044 |
|
| 801 | 0 |
_aRU _bNLR _c20061003 _grcr |
|
| 801 | 1 |
_aRU _bNLR _c20061003 |
|
| 942 | _cBOOK | ||
| 980 | _aNB | ||